The dawn (Record no. 172024)

MARC details
000 -LEADER
fixed length control field 00375nam a22001337a 4500
005 - DATE AND TIME OF LATEST TRANSACTION
control field 20200124164628.0
008 - FIXED-LENGTH DATA ELEMENTS--GENERAL INFORMATION
fixed length control field 200124b ||||| |||| 00| 0 eng d
040 ## - CATALOGING SOURCE
Original cataloging agency dpl
245 ## - TITLE STATEMENT
Title The dawn
260 ## - PUBLICATION, DISTRIBUTION, ETC. (IMPRINT)
Place of publication, distribution, etc kolkata
Name of publisher, distributor, etc The National Council of Education, Bengal
300 ## - PHYSICAL DESCRIPTION
Extent v.
Dimensions 29 cm.
270 ## - ADDRESS
Address 188, Raja Subodh Mullick Road
City kolkata
Country India
Postal code 700032
942 ## - ADDED ENTRY ELEMENTS (KOHA)
Source of classification or shelving scheme Dewey Decimal Classification
Item type Periodicals
Serial record 1

No items available.


© Delhi Public Library
Hit Counter
free hit counter